Splendor and shame, my German odyssey /

Salvato in:
Dettagli Bibliografici
Autore principale: Zarek, Otto, 1898-1958
Altri autori: Eastwood, James
Natura: Libro
Lingua:English
Pubblicazione: Indianapolis ; New York : Bobbs-Merrill, [c1941].
LEADER 01071cam a2200277 a 4500
001 c000393938
003 CARM
005 20130620075242.0
008 130620s1941 nyu 000 0aeng d
010 |a 41014686 
019 1 |a 69841047  |5 LACONCORD2021 
035 |a (OCoLC)1936819  |5 LACONCORD2021 
040 |a DLC  |b eng  |c PShS  |d DLC 
042 |a premarc 
050 0 0 |a PT2653.A78  |b Z5 1941a 
100 1 |a Zarek, Otto,  |d 1898-1958. 
245 1 0 |a Splendor and shame, my German odyssey /  |c by Otto Zarek; adapted from the English original by James Eastwood. 
260 |a Indianapolis ;  |a New York :  |b Bobbs-Merrill,  |c [c1941]. 
300 |a 316 p. ;  |c 22 cm. 
500 |a London edition (J. Cape) has title: German odyssey. 
700 1 |a Eastwood, James. 
852 8 |b CARM  |p 0595101  |f BK 
852 8 |b SCAN  |h A3:AG10B0  |i B12184  |p 0595101  |f BK 
999 f f |i 9b17c94b-9c5a-5d61-b80e-e59538420325  |s bfa62b37-3555-58c5-b50c-42e1cbbb92dd 
952 f f |p Can circulate  |a CAVAL  |b CAVAL  |c CAVAL  |d CARM 1 Store  |i book  |m 0595101 
952 f f |a CAVAL  |b CAVAL  |c CAVAL  |d Unmapped Location  |e B12184  |f A3:AG10B0  |h Other scheme